01224nam a22001697a 4500008004100000020001800041050002400059245014500083250001200228260003300240300001800273440005100291500002000342505066700362650000801029700001701037140818b xxu||||| |||| 00| 0 eng d a9781405763561 aKD310.H34(5e vol.5) aHalsbury's laws of England : Bankruptcy and Individual Insolvency, vol. 5. /cedited by Lord MackaybBankruptcy and individual insolvency. / a5th ed. aLondon:bLexis Nexis,c2013. a680p.:c26cm. vvol. 5pBankruptcy and individual insolvency.  aIncludes index. aContents: How to use Halbury's laws of England -- References and abbreviations -- Table of statutes -- Table of statutory instruments -- Table of civil procedure -- Table of European Union legislation -- Table of non-statutory materials -- Table of cases -- Bankruptcy and individual insolvency: Table of contents -- Introduction -- Institutions -- European Regulation on insolvency proceedings -- Individual voluntary arrangements -- Debt relief orders -- Bankruptcy -- Practice and procedure in insolvency proceedings -- Cross border insolvency -- Insolvent estates of deceased persons -- Insolvent partnerships -- Other debt management arrangements -- Index. aLaw aMackay, Lord